[Event "CHI-ch sf"]
[Site "Villa Alemana"]
[Date "2023.01.21"]
[Round "7"]
[White "Wagner Munoz, Cristobal"]
[Black "Gasic Merino, Franco Ignacio"]
[Result "1-0"]
[WhiteElo "1627"]
[BlackElo "2159"]
[PlyCount "65"]
[EventDate "2023.01.18"]
[EventType "swiss"]
[EventRounds "8"]
[EventCountry "CHI"]
[SourceTitle "CBM 212 Extra"]
[Source "ChessBase"]
[SourceDate "2023.03.31"]
[SourceVersion "1"]
[SourceVersionDate "2023.03.31"]
[SourceQuality "1"]

1. e4 d5 2. exd5 Nf6 3. d4 Qxd5 4. Nf3 Bg4 5. Be2 Nc6 6. h3 Bxf3 7. Bxf3 Qd7 8. c3 e5 9. 0-0 0-0-0 10. Nd2 Kb8 11. Bxc6 Qxc6 12. dxe5 Nd7 13. Re1 f6 14. exf6 Nxf6 15. Qf3 Re8 16. Rxe8+ Qxe8 17. Nb3 Bd6 18. Be3 Rf8 19. Re1 Qb5 20. Qe2 Qa4 21. Nd4 a6 22. b3 Qd7 23. Ne6 Re8 24. Bd4 Qf7 25. Bxf6 Qxf6 26. Qc4 b5 27. Qe4 Qxc3 28. g3 Bc5 29. Kg2 Bb6 30. Re2 h5 31. Qd5 Qf6 32. Nc5 Rxe2 33. Qb7# 1-0

[Event "CHI-ch sf"]
[Site "Villa Alemana"]
[Date "2023.01.18"]
[Round "1"]
[White "Wagner Munoz, Cristobal"]
[Black "Sepulveda Rojas, Jorge Moises"]
[Result "0-1"]
[WhiteElo "1627"]
[BlackElo "2205"]
[PlyCount "80"]
[EventDate "2023.01.18"]
[EventType "swiss"]
[EventRounds "8"]
[EventCountry "CHI"]
[SourceTitle "CBM 212 Extra"]
[Source "ChessBase"]
[SourceDate "2023.03.31"]
[SourceVersion "1"]
[SourceVersionDate "2023.03.31"]
[SourceQuality "1"]

1. e4 c5 2. d4 cxd4 3. c3 dxc3 4. Nxc3 Nc6 5. Nf3 a6 6. Bc4 e6 7. 0-0 Nge7 8. Qe2 Ng6 9. Rd1 Be7 10. Bb3 0-0 11. Be3 b5 12. Nd4 Nxd4 13. Rxd4 Bc5 14. Rd2 Bxe3 15. Qxe3 Qc7 16. Rad1 Rd8 17. Rc2 Qb8 18. Ne2 Bb7 19. Rcd2 Qc7 20. f4 Bc6 21. Rd6 Qb7 22. f5 Nf8 23. Ng3 Re8 24. Qg5 Qb6+ 25. Kh1 Qc5 26. Nh5 Qe5 27. R1d4 h6 28. Qh4 exf5 29. Nf6+ gxf6 30. Rxf6 Qxd4 31. Bxf7+ Kh8 32. Rxh6+ Kg7 33. Bb3 Re6 34. Qg5+ Kf7 35. Qxf5+ Ke7 36. Qg5+ Kd6 37. Qg3+ Kc5 38. Rh5+ Kb6 39. h4 Rxe4 40. Kh2 Rg4 0-1